Composición factorial de la escala de ansiedad ante el envejecimiento de Lasher y Faulkender en estudiantes universitarios mexicanos (Record no. 184281)

MARC details
000 -CABECERA
campo de control de longitud fija 02132nab a2200301 a 4500
005 - FECHA Y HORA DE LA ÚLTIMA TRANSACCIÓN
campo de control 20250312123220.0
008 - ELEMENTOS DE LONGITUD FIJA--INFORMACIÓN GENERAL
campo de control de longitud fija 991125c2016 cl br p o 000 0 spa d
035 ## - NÚMERO DE CONTROL DEL SISTEMA
Número de control de sistema UPN01000212181
040 ## - FUENTE DE LA CATALOGACIÓN
Centro catalogador/agencia de origen UPN
Lengua de catalogación spa
Centro/agencia transcriptor UPN
Normas de descripción aacr2
049 ## - COLECCIÓN
Colección ART-E
100 1# - ASIENTO PRINCIPAL--NOMBRE PERSONAL
Nombre de persona Ornelas, Martha
Enlace - mornelas@uach.mx
100 1# - ASIENTO PRINCIPAL--NOMBRE PERSONAL
Nombre de persona Gastélum, Gabriel
100 1# - ASIENTO PRINCIPAL--NOMBRE PERSONAL
Nombre de persona Lopez Walle, Jeanette
100 1# - ASIENTO PRINCIPAL--NOMBRE PERSONAL
Nombre de persona Rodríguez Villalobos, Judith M.
245 10 - MENCIÓN DE TÍTULO
Título Composición factorial de la escala de ansiedad ante el envejecimiento de Lasher y Faulkender en estudiantes universitarios mexicanos
506 0# - NOTA DE RESTRICCIONES AL ACCESO
Limitaciones de acceso Acceso abierto
520 3# - NOTA DE RESUMEN, ETC.
Sumario, etc. En el presente estudio se analiza si es posible replicar los resultados psicométricos propuestos por Lasher y Faulkender para la Escala de Ansiedad ante el Envejecimiento, en un grupo de estudiantes universitarios mexicanos. La muestra total fue de 825 participantes con una edad media de aproximadamente 20.8 años. Toso eran estudiantes varones de las licenciaturas de Educación Física y Motricidad Humana que se ofrecen en la Universidad Autónoma de Chihuahua en México. La estructura factorial del cuestionario se analizó a través de análisis factoriales confirmatorios. Los análisis, muestran que una estructura tetra factorial es adecuada ya que a través de criterios estadísticos y sustantivos, ha mostrado adecuados indicadores de fiabilidad y validez. Los cuatro factores son: (i) miedo a las personas mayores ; (ii) apariencia física ; (iii) miedo a las pérdidas; y (iv) preocupaciones psicológicas. Además, los resultados de los análisis factorial es llevados a cabo con las submuestras, indican la existencia de fuertes evidencias de la estabilidad de la estructura factorial.
650 #7 - ASIENTO SECUNDARIO DE MATERIA - TERMINO TEMATICO
Término de materia o nombre geográfico como elemento de entrada Ansiedad
9 (RLIN) 4750
650 #2 - ASIENTO SECUNDARIO DE MATERIA - TERMINO TEMATICO
Término de materia o nombre geográfico como elemento de entrada Envejecimiento
9 (RLIN) 14602
653 0# - TERMINO DE INDIZACION - NO CONTROLADO
Término no controlado Estructura factorial
653 0# - TERMINO DE INDIZACION - NO CONTROLADO
Término no controlado Validación de constructo
653 0# - TERMINO DE INDIZACION - NO CONTROLADO
Término no controlado Ecuaciones estructurales
773 ## - ENLACE AL DOCUMENTO FUENTE/ENTRADA DE REGISTRO ANFITRIÓN
Parte(s) relacionada(s) Vol. 9, no. 2 (2016), p. 73-80
Título Formación universitaria
Número Internacional Normalizado para Publicaciones Seriadas 0718-5006
856 4# - LOCALIZACIÓN Y ACCESO ELECTRÓNICOS
Identificador Uniforme del Recurso <a href="http://www.scielo.cl/pdf/formuniv/v9n2/art08.pdf">http://www.scielo.cl/pdf/formuniv/v9n2/art08.pdf</a>
902 ## - ELEMENTOS DE DATOS B LOCAL, LDB (RLIN)
Creó Gloria Jiménez/120325
905 ## - TIPO DE MATERIAL
Tipo de material Articulo
942 ## - ELEMENTOS DE PUNTO DE ACCESO ADICIONAL (KOHA)
Tipo de ítem Koha Artículo Electrónico
Holdings
Estado de retiro Estado de pérdida Estado dañado No para préstamo Código de colección Localización permanente Ubicación/localización actual Ubicación en estantería Fecha de adquisición Total de préstamos Fecha visto por última vez Identificador Uniforme del Recurso Precio válido a partir de Tipo de ítem Koha
        Acceso abierto Bib. Gregorio Torres Quintero Bib. Gregorio Torres Quintero En línea 12/03/2025   12/03/2025 http://www.scielo.cl/pdf/formuniv/v9n2/art08.pdf 12/03/2025 Artículo Electrónico